000 00340nam a22001457a 4500
020 _a780001000124
082 _a320
_bKNO/E
100 _aKNOWLES, R
245 _aECONOMIC AND SOCIAL GEOGRAPHY
250 _aFIFTEENTH IMPRESSION
260 _aDELHI
_bRUPA & CO
_c2004
300 _a336
650 _aECONOMICS REFERENCE
_zINDIA
942 _cBK
999 _c1674
_d1674